01326nam a2200361 i 450000100060000000300100000600500170001600700030003300800410003602000180007704000350009504100130013004300120014308400110015510000530016624500920021925000310031126400560034230000390039833600270043733700330046433800280049752100620052553400170058765000390060465000410064365000450068465000380072970000340076794200160080199900170081795201300083457479CO-BoRNBP20250703144414.0ta210824r20082017sp a br 000 j spa d a9788426130952 aCO-BoRNBPbspaerdacCO-BoRNBP1 aspaheng ae-uk-en aC COO11 aCooper, Helend1947-eautoraeilustradora96076710aSopa de calabazacTexto e ilustraciones de Helen Cooper; traducido por Christiane Reyes aDécimo segunda edición 1aBarcelona, EspañabEditorial Juventudc2008c2017 a32 páginasbilustracionesb22 cm atextobtxt2rdacontent asin mediaciónbn2rdamedia avolumenbnc2rdacarrier1 aRecomendado para un público infantil mayor de 6 años. tPumpkin soup07aAmistad en la literatura2LEMB97007aAnimales en la literatura2LEMB985307aCuentos infantiles ingleses2LEMB91588407aLiteratura infantil inglesa2LEMB aReyes, Christianeetraductora 2loccBKLITI c57479d57479 00102ddc40708INFaMEMACAREbMEMACAREcSInfd2025-07-03l0oC COO1pLM02346r2025-07-03 14:45:15tEj.1w2025-07-03yBKLITI